PAROLES - Maman ne le sait pas, Niska et Ninho - Statistiques

Statistiques générales
  • Ce quiz a été pris 271 fois
  • Le résultat moyen est 267 sur 452
Statistiques - réponses
Hint Réponse % Correct
le
97%
m'a
97%
maman
97%
S
97%
a
96%
à
96%
ne
96%
pas
96%
sait
96%
la
95%
Ninho Là,
95%
Niska
95%
ça
92%
ca
92%
cannabis,
90%
cannabis
90%
Ninho Dans
89%
dans
89%
m'en
84%
ce
82%
de
81%
je
81%
ces
80%
ville,
80%
ville
80%
j'revends
76%
c'est
75%
organisé
73%
crime
71%
les
71%
pile
71%
vérité
71%
minuit
70%
et
68%
Niska | Refrain Et
68%
qui
67%
j'ai
65%
me
63%
to
63%
briganté
61%
il
60%
des
59%
j'suis
59%
on
59%
tout
58%
cité
57%
fait
57%
qu'il
57%
clé,
56%
clé
56%
est
56%
fallait
55%
stop
55%
Ninho ils
52%
se
52%
comme
51%
fermé
51%
propriétaire,
51%
propriétaire
51%
tu
51%
clés
50%
double
50%
que
50%
leur
49%
fils
47%
nous
47%
puta
47%
pour
46%
près
46%
sur
46%
Niska Attends,
45%
avec
44%
Ninho Avec
44%
canon
44%
tirer
44%
chico
43%
comment
43%
délire
43%
devant
43%
j'vais
42%
mes
42%
bails
41%
connais
41%
méchant
41%
plus
41%
au
40%
el
40%
expliquer
40%
relais
40%
j'fais
39%
passe
39%
veulent
39%
cramé
38%
faut
38%
glace
38%
Niska N.I
38%
ralentir
38%
trop
37%
du
36%
nouvelle
36%
stopper
36%
dedans
35%
gamos
35%
grandi
35%
nouveau
35%
potes,
35%
S.A.L
35%
comprennent
34%
j'sais
34%
laisse-moi
34%
trafico
34%
classico
33%
danser
33%
j'm'éloigne
33%
rivalité
33%
rrain-te
33%
bigo
32%
Obama
32%
chercher
31%
temps
31%
villa
31%
charo
30%
chrono
30%
cramés
30%
deux
30%
Evry
30%
FaceTime
30%
leurs
30%
n'ai
30%
revenus
30%
salir
30%
ceinture
29%
chicas
29%
d'espèces
29%
loups,
29%
Madame
29%
méchants
29%
Niska
29%
rempli
29%
semaines
29%
viendra
29%
Cayenne
28%
délai
28%
fini
28%
gagne
28%
j'refermais
28%
secteur
28%
serré
28%
sinon
28%
son-mai
28%
haramistes,
27%
j'recompte
27%
mis
27%
n'ont
27%
béni
26%
connait
26%
gérants
26%
j'faisais
26%
mettre
26%
n'y
26%
quatre
26%
vu
26%
Fofana
25%
nécessaire
25%
vert
25%
Balmain
24%
cheveux
24%
cotoie
24%
crissent
24%
familia
24%
journée
24%
monnaie
24%
pétasse
24%
pneus
24%
vieux
24%
Ninho Crois
23%
poussent
23%
condés
22%
plein
22%
veut
22%
fe-meu
21%
l'enveloppe
21%
balafrés
19%
center
19%
gris
19%
m'voir
19%
pue
19%
qu'Iblis
19%
bi-bi
18%
gimmick
18%
là-bas
18%
maille
18%
validé
18%
bougs
17%
nuit
17%
cacher
16%
j'irai
16%
chicots
15%
cendar
14%
oh
14%
ouais
14%
rentre
14%
parigot
11%
tard
10%
Bimi
9%
fe-neu
9%
dingaris
8%
opé
5%
mundibous
4%
Aucun quiz correspondant
Distribution des résultats
% des personnes avec chaque résultat
Percentile par nombre de réponses
Votre historique - résultats
Vous n’avez pas pris ce quiz